书目信息 |
| 题名: |
啤酒生产问答
|
|
| 作者: | 田洪涛 主编 | |
| 分册: | ||
| 出版信息: | 北京 化学工业出版社 2008 |
|
| 页数: | 292页 | |
| 开本: | 21cm | |
| 丛书名: | ||
| 单 册: | ||
| 中图分类: | TS262.5 | |
| 科图分类: | ||
| 主题词: | 啤酒--酿造 , 啤酒 , 酿造 | |
| 电子资源: | ||
| ISBN: | 978-7-122-01367-5 | |
| 000 | 00824nam0 2200253 45 | |
| 001 | 1050853875 | |
| 005 | 20100420100434.84 | |
| 010 | @a978-7-122-01367-5@dCNY27.00 | |
| 100 | @a20100409d2008 em y0chiy50 ea | |
| 101 | 0 | @achi |
| 102 | @aCN@b110000 | |
| 105 | @ay z 000yy | |
| 106 | @ar | |
| 200 | 1 | @a啤酒生产问答@APi Jiu Sheng Chan Wen Da@f田洪涛主编@FTian Hong Tao Zhu Bian |
| 210 | @a北京@c化学工业出版社@d2008 | |
| 215 | @a292页@d21cm | |
| 330 | @a本书主要介绍了啤酒工业化生产中涉及的大部分技术问题,内容包括啤酒生产原料、麦芽制造、麦汁制备、啤酒发酵、啤酒后处理、啤酒质量控制、啤酒生产新技术等方面。 | |
| 606 | 0 | @a啤酒@x酿造 |
| 606 | 0 | @a啤酒 |
| 606 | 0 | @a酿造 |
| 690 | @aTS262.5@v4 | |
| 701 | 0 | @a田洪涛@ATian Hong Tao@4主编 |
| 801 | 0 | @aCN@bTANGWEI@c20100420 |
| 905 | @b0591117-21@dTS262.5@e130@f5 | |
| 啤酒生产问答/田洪涛主编.-北京:化学工业出版社,2008 |
| 292页;21cm |
| ISBN 978-7-122-01367-5:CNY27.00 |
| 本书主要介绍了啤酒工业化生产中涉及的大部分技术问题,内容包括啤酒生产原料、麦芽制造、麦汁制备、啤酒发酵、啤酒后处理、啤酒质量控制、啤酒生产新技术等方面。 |
| ● |
| 相关链接 |
|
|
|
|
正题名:啤酒生产问答
索取号:TS262.5/130
 
预约/预借
| 序号 | 登录号 | 条形码 | 馆藏地/架位号 | 状态 | 备注 |
| 1 | 0591117 | 205911174 | 第二样本阅览室/ [索取号:TS262.5/130] | 在馆 | |
| 2 | 0591118 | 205911183 | 第三借阅区/ [索取号:TS262.5/130] | 在馆 | |
| 3 | 0591119 | 205911192 | 第三借阅区/ [索取号:TS262.5/130] | 在馆 | |
| 4 | 0591120 | 205911209 | 第三借阅区/ [索取号:TS262.5/130] | 在馆 | |
| 5 | 0591121 | 205911218 | 第三借阅区/ [索取号:TS262.5/130] | 在馆 |